World Cup Group Stage Goalscorers 1986 - Statistics

General Stats
  • This quiz has been taken 2 times
  • The average score is 12 of 84
Answer Stats
Group Nation Score Player % Correct
A Argentina 1-1 Diego Maradona
100%
F England 1-0 Gary Lineker
100%
F England 2-0 Gary Lineker
100%
F England 3-0 Gary Lineker
100%
C France 2-0 Amadou Tigana
50%
D Spain 1-0 Emilio Butragueno
50%
E Scotland 1-0 Gordon Strachan
50%
B Mexico 2-0 Hugo Sanchez
50%
C Soviet Union 3-0 Igor Belanov
50%
A Argentina 2-0 Jorge Burruchaga
50%
D Brazil 2-0 Josimar
50%
E Denmark 3-1 Michael Laudrup
50%
D Northern Ireland 1-0 Norman Whiteside
50%
C Soviet Union 1-0 Oleg Blokhin
50%
A Bulgaria 1-0 Plamen Getov
50%
E West Germany 1-1 Rudi Voller
50%
C Soviet Union 2-0 Sergei Aleinikov
50%
D Brazil 1-0 Socrates
50%
C Soviet Union 1-0 Vasyl Rats
50%
F Morocco 3-0 Abdelkrim Merry
0%
F Morocco 1-0 Abderrazak Khairi
0%
F Morocco 2-0 Abderrazak Khairi
0%
B Iraq 2-1 Ahmed Radhi
0%
A Italy 1-0 Alessandro Altobelli
0%
A Italy 1-0 Alessandro Altobelli
0%
A Italy 1-0 Alessandro Altobelli
0%
A Italy 2-1 Alessandro Altobelli
0%
E Uruguay 1-0 Antonio Alzamendi
0%
D Brazil 1-0 Careca
0%
D Brazil 1-0 Careca
0%
D Brazil 3-0 Careca
0%
F Portugal 1-0 Carlos Manuel
0%
A South Korea 1-1 Choi Soon-ho
0%
A South Korea (OG) 3-1 Cho Kwang-rae
0%
D Northern Ireland 2-1 Colin Clarke
0%
B Belgium 2-1 Daniel Veyt
0%
F Portugal 3-1 Diamantino
0%
D Algeria 1-1 Djamel Zidane
0%
C France 3-0 Dominique Rocheteau
0%
D Spain 3-0 Eloy
0%
E Uruguay 2-1 Enzo Francescoli
0%
B Belgium 1-0 Enzo Scifo
0%
B Belgium 2-1 Erwin Vandenbergh
0%
B Mexico 1-0 Fernando Quirarte
0%
B Mexico 1-0 Fernando Quirarte
0%
B Belgium 1-0 Francois Vercauteren
0%
A South Korea 3-2 Huh Jung-moo
0%
C Soviet Union 4-0 Ivan Yaremchuk
0%
C France 1-0 Jean-Pierre Papin
0%
E Denmark 6-1 Jesper Olsen
0%
E Denmark 1-0 Jesper Olsen
0%
E Denmark 2-0 John Eriksen
0%
A Argentina 1-0 Jorge Valdano
0%
A Argentina 3-0 Jorge Valdano
0%
A Argentina 1-0 Jorge Valdano
0%
B Paraguay 1-0 Julio Romero
0%
B Paraguay 1-1 Julio Romero
0%
D Spain 2-0 Julio Salinas
0%
A South Korea 1-1 Kim Jong-boo
0%
E West Germany 1-1 Klaus Allofs
0%
E West Germany 2-1 Klaus Allofs
0%
C Hungary 2-0 Lajos Detari
0%
C Hungary (OG) 5-0 Laszlo Dajka
0%
C France 1-1 Luis Fernandez
0%
B Mexico 1-0 Luis Flores
0%
C Hungary 1-0 Marton Esterhazy
0%
A Bulgaria 1-1 Nasko Sirakov
0%
B Belgium 2-0 Nicolaas Claesen
0%
C Soviet Union 2-0 Oleksandr Zavarov
0%
A Argentina 2-0 Oscar Ruggeri
0%
A South Korea 3-1 Park Chang-sun
0%
C Soviet Union 1-0 Pavlo Yakovenko
0%
E Denmark 1-0 Preben Elkjaer
0%
E Denmark 1-0 Preben Elkjaer
0%
E Denmark 4-1 Preben Elkjaer
0%
E Denmark 5-1 Preben Elkjaer
0%
D Spain 1-0 Ramon Caldere
0%
D Spain 2-0 Ramon Caldere
0%
B Paraguay 1-1 Roberto Cabanas
0%
B Paraguay 2-2 Roberto Cabanas
0%
C Soviet Union 6-0 Sergei Rodionov
0%
E Denmark 2-0 Soren Lerby
0%
F Poland 1-0 Wlodzimierz Smolarek
0%
C France 1-0 Yannick Stopyra
0%
No matching quizzes found
Score Distribution
Percent of People with Each Score
Percentile by Number Answered
Your Score History
You have not taken this quiz